Obsada serialu "Janosik" (1983) - Statystyki

Ogólne statystyki
  • Ten quiz został rozwiązany 17 razy
  • Średni wynik to 7 z 12
Statystyki odpowiedzi
rola osoba % Poprawnych
Janosik Marek Perepeczko
100%
Jędruś Pyzdra Witold Pyrkosz
100%
Murgrabia Marian Kociniak
87%
Waluś Kwiczoł Bogusz Bilewski
80%
Hrabia Mieczysław Czechowicz
73%
Słowak Marian Łącz
60%
reżyseria Jerzy Passendorfer
53%
Maryna Ewa Lemańska
47%
Gąsior Jerzy Cnota
40%
Wróblik Janusz Bukowski
33%
Kuśmider Janusz Kłosiński
33%
scenariusz Tadeusz Kwiatkowski
0%
Nie znaleziono quizów pasujących do podanych kryteriów
Rozkład punktacji
Procent ludzi z każdym wynikiem
Percentyl według liczby udzielonych odpowiedzi
Twoja historia wyników
Nie rozwiązałeś tego quizu